| 000 | 00574nam a2200193 a 4500 | ||
|---|---|---|---|
| 005 | 20140412111246.0 | ||
| 008 | 010320s19uu xx 00 eng d | ||
| 020 | _a2-7641-0012-4 | ||
| 050 |
_aER _bTe22 1995 |
||
| 100 | _aBryant, Robyn | ||
| 245 |
_aTeddy and Trixie: bake cookies. / _cRobyn Bryant ; illustrations by Patrick Royer. |
||
| 260 |
_aMontreal, Canada : _bTormont Publications, Inc, _c1995. |
||
| 300 | _a1 v. (unp.) ; ill. | ||
| 440 | _aTeddy and Trixie | ||
| 650 | _aBaking--Fiction | ||
| 650 | _aChildren stories | ||
| 999 |
_c102943 _d102943 |
||